| 000 | 00806nam a22001935i 4500 | ||
|---|---|---|---|
| 001 | 160905 | ||
| 003 | ES-MaACL | ||
| 005 | 20230906212143.0 | ||
| 008 | 041005s1878 sp |||| | spa d | ||
| 100 | 1 |
_aOlave y Díez, Serafín. _986672 |
|
| 245 | 1 | 3 |
_aEl bu del socialismo y la unión de la democracia / _cpor Serafín Olave y Díez. |
| 260 |
_aMadrid : _b[s.n.], _c1878 ( _fImp. de la Nueva Prensa) |
||
| 300 |
_a231 p. ; _c16 cm. |
||
| 530 | _aDisponible en formato digital. | ||
| 650 |
_aSocialismo- _zEspaña- _yS.XIX. _9171276 |
||
| 651 | 0 |
_aEspaña- _xHistoria- _y1874-1885, Alfonso XII. _98265 |
|
| 852 |
_aES-MaACL _jT-292-F-3 _z- Enc. hol. _z- Falto de cub. original _z- Enc. en un vol. facticio |
||
| 856 |
_uhttp://bdh-rd.bne.es/viewer.vm?id=0000242886&page=1 _zBiblioteca Digital Hispánica |
||
| 999 |
_c160905 _d160905 |
||